| 000 | 01256nam1a22002411i 4500 | ||
|---|---|---|---|
| 001 | rc\3570801 | ||
| 005 | 20240723222416.0 | ||
| 010 | _9230 | ||
| 035 | _a(NLR Aleph) 007691362 | ||
| 090 |
_a6644531 _c6644531 |
||
| 100 | _a20130115d1969 |||y0rusy50 ca | ||
| 101 | 0 | _arus | |
| 102 | _aRU | ||
| 105 | _ay z ||||| | ||
| 200 | 1 |
_aПрименение математических методов и вычислительных машин в черной металлургии _e[Кн., журн. и патент. лит. на рус. и иностр. яз. ...] |
|
| 210 |
_aМосква _cБ. и. _d1969 |
||
| 215 | _d30 | ||
| 225 | 1 | _aМинистерство черной металлургии СССР. Центральный научно-исследовательский институт информации и технико-экономических исследований черной металлургии. Центральная научно-техническая библиотека черной металлургии. Библиографический список | |
| 309 | _aОтпеч. множит. аппаратом | ||
| 801 | 0 |
_aRU _bNLR _gpsbo |
|
| 801 | 1 |
_aRU _bELAR _2rusmarc |
|
| 852 |
_aNLR _jС337-410/П-76 |
||
| 942 | _cBOOK | ||